00270nam a2200109Ia 4500008004100000050001500041100002600056245001700082260004400099260000900143300000800152160319s9999 xx 000 0 und d bB928i 2000 aBuenaventura, Antonio aIbong Adarna bAklat Ani Pub. And Educ. Trading Center c2000 a198